Adversaires du RC Lens en coupe d'Europe - Statistiques

Statistiques générales
  • Ce quiz a été pris 227 fois
    65 depuis la dernière actualisation
  • Le résultat moyen est 15 sur 49
Statistiques - réponses
saisons Compétitions adversaires Aller Retour % Correct
1998-99 1er tour LDC Arsenal 1-1 1-0
100%
1999-00 1/2 finale C3 Arsenal 0-1 1-2
100%
2023-24 1er Tour LDC Arsenal 2-1 0-6
100%
2023-24 1er Tour LDC Séville 1-1 2-1
96%
2023-24 Barrage C3 Fribourg 0-0 2-3 a.p.
80%
2002-03 1er tour LDC AC Milan 1-2 2-1
76%
2006-07 1/16ème C3 Panathinaikos 3-1 0-0
69%
1998-99 1er tour LDC Panathinaikos 1-0 0-1
67%
2024-25 Barrage C4 Panathinaikos 2-1 0-2
67%
1999-00 1/8ème C3 Atlético de Madrid 2-2 4-2
63%
2023-24 1er Tour LDC PSV Eindhoven 1-1 0-1
63%
2002-03 1er tour LDC Bayern Munich 1-1 3-3
54%
1977-78 1/16ème C3 Lazio Rome 0-2 6-0 a.p.
48%
1996-97 1/32ème C3 Lazio Rome 0-1 1-1
48%
2002-03 1/16ème C3 FC Porto 0-3 1-0
41%
2002-03 1er tour LDC Deportivo La Corogne 1-3 3-1
39%
1983-84 1/8éme C3 RSC Anderlecht 1-1 0-1
39%
1998-99 1er tour LDC Dynamo Kiev 1-1 1-3
31%
2006-07 1/16ème C3 Bayer Leverkusen 2-1 0-3
28%
1999-00 1/4 C3 Celta Vigo 0-0 2-1
26%
1995-96 1/8éme C3 Slavia Prague 0-0 0-1 a.p.
24%
2005-06 2nd tour C3 Steaua Bucarest 0-4 -
20%
2007-08 1er Tour C3 FC Copenhague 1 - 1 1-2 a.p.
19%
2007-08 Qualification C3 Young Boys Berne 5-1 1-1
17%
1999-00 1/16ème C3 FC Kaiserslautern 1-2 4-1
15%
1977-78 1/32ème C3 Malmö FF 4-1 0-2
15%
2005-06 1/16ème C3 Udinese Calcio 0-3 1-0
15%
2006-07 2nd tour C3 Parme FC 1-2 -
13%
1999-00 1er tour C3 Maccabi Tel-Aviv 2-2 2-1
11%
1983-84 1/16ème C3 Royal Antwerp FC 2-2 3-2
11%
1995-96 1/16ème C3 Tchernomorets Odessa 0-0 4-0
11%
1995-96 1/32ème C3 FC Avenir Beggen 6-0 7-0
9%
1983-84 1/32ème C3 La Gantoise 1-1 2-1 a.p.
9%
1999-00 1/32ème C3 Vitesse Arnhem 4-1 1-1
9%
2003-04 1er tour C3 Cementarnica 55 Skopje 1-0 5-0
7%
1986-87 1/32ème C3 Dundee United 1-0 0-2
7%
2005-06 2nd tour C3 Hertha BSC Berlin 0-0 -
7%
2006-07 1er Tour C3 Ethnikos Achna 0-0 3-1
6%
1977-78 1/8éme C3 FC Magdebourg 0-4 2-0
6%
2006-07 2nd tour C3 OB Odense 1-1 -
6%
2005-06 2nd tour C3 Sampdoria Gênes 2-1 -
6%
1975-76 1/8éme C2 ADO La Haye 2-3 1-3
4%
2003-04 2nd tour C3 Gaziantepspor 0-3 1-3
4%
2005-06 2nd tour C3 Halmstads BK 5-0 -
4%
1975-76 1/16ème C2 Home Farm Dublin FC 1-1 6-0
4%
2006-07 2nd tour C3 Osasuna Pampelune 3-1 -
4%
2006-07 2nd tour C3 SC Heerenveen 0-1 -
4%
2003-04 Qualif C3 Torpedo Koutaïssi 3-0 2-0
4%
2005-06 1er Tour C3 Dyskobolia Grodzisk 1-1 4-2
0%
Aucun quiz correspondant
Distribution des résultats
% des personnes avec chaque résultat
Percentile par nombre de réponses
Votre historique - résultats
Vous n’avez pas pris ce quiz depuis la dernière actualisation